00728nam a2200181Ia 4500003000900000008004100009020002600050040001600076100002800092245005000120260003200170300002000202490003300222856010300255942000700358999001700365952016400382IN-BaIIA211028s9999 xx s 000 0 eng d a9780819451798 (Print) cIIA Library aI, Chih-Lin, ed.948719 0aWireless Communications and Networksh[eBook] aWashington, USAbSPIEc2004 aOnline resource aProceedings of SPIE; V. 5284 uhttps://www.spiedigitallibrary.org/conference-proceedings-of-spie/5284yClick Here to Access eBook cEB c33807d33807 00104070aBANbBANd2011-07-01eSPIEhV. 5284l0pEB13267r2021-11-05uhttps://www.spiedigitallibrary.org/conference-proceedings-of-spie/5284w2021-11-05yEB